00311nam a2200121Ia 4500008004100000082001600041100002000057245003300077250000800110260004200118300001000160650001900170150201s2002 xx 000 0 und d a611bH2002S aSINGH ,INDERVIR aTEXT BOOK OF HUMAN HISTOLOGY a4TH bJAYPEE MEDICAL PUBLISHERaDELHIc2002 a1-352 aORAL HISTOLOGY